00583nam a2200193 a 450000100060000000300080000600500170001400800410003103500190007204000320009104100080012308200310013110000240016224500690018626000390025530000290029450400360032365100300035969329BD-RjUL20211209081855.0711020s1966 enkabef b 001 0 eng  a(BD-RjUL)69540 aDLCcDLCdDLCdBD-RjULbeng aeng00223a914.96104103bBEA 19661 aBean, George Ewart.10aAegean Turkey :ban archaeological guide /c[by] George E. Bean. aLondon :bErnest Benn lit. ,c1966 a288 p. :bill. ;c23 cm. aIncludes Bibliography and index 0aIonia (Turkey and Greece)